Religion in Andorra - Statistics

General Stats
  • This quiz has been taken 9 times
  • The average score is 2 of 4
Answer Stats
Percentage Religion % Correct
85.5% Catholicism
100%
2.3% Other
50%
6.9% None
25%
5.3% Other Christian
25%
No matching quizzes found
Score Distribution
Percent of People with Each Score
Percentile by Number Answered
Your Score History
You have not taken this quiz